000 00305nam a2200121 i 4500
001 bg
245 0 0 _aPolski słownik biograficzny.
_nT.3,
_pBrożek Jan-Chwalczewski Franciszek.
260 _aWrocław,
_c1977.
040 _cBPK
041 _apol
942 _cKS
008 s pl f |000 0 pol
999 _c34858
_d34858
856 _uhttp://koha.tu.koszalin.pl/cgi-bin/koha/opac-detail.pl?biblionumber=34858
_yKatalog online BPK